Ethnoterritorial politics, policy, and the western world / (Record no. 41756)
[ view plain ]
| 000 -LEADER | |
|---|---|
| fixed length control field | 00950nam a2200265 a 4500 |
| 001 - CONTROL NUMBER | |
| control field | 41756 |
| 003 - CONTROL NUMBER IDENTIFIER | |
| rucl marc code | BD-RjUL |
| 005 - DATE AND TIME OF LATEST TRANSACTION | |
| control field | 20211209053438.0 |
| 008 - FIXED-LENGTH DATA ELEMENTS--GENERAL INFORMATION | |
| fixed length control field | 160605s1989 cou b 001 0 eng |
| 020 ## - INTERNATIONAL STANDARD BOOK NUMBER | |
| International Standard Book Number | 1555870953 (alk. paper) : |
| Terms of availability | $38.50 |
| 035 ## - SYSTEM CONTROL NUMBER | |
| System control number | (BD-RjUL)41874 |
| 040 ## - CATALOGING SOURCE | |
| Original cataloging agency | DLC |
| Transcribing agency | DLC |
| Modifying agency | DLC |
| -- | BD-RjUL |
| Language of cataloging | eng |
| 041 ## - LANGUAGE CODE | |
| Language code of text/sound track or separate title | eng |
| 082 00 - DEWEY DECIMAL CLASSIFICATION NUMBER | |
| Classification number | 323.1 |
| Edition number | 19 |
| Author mark and year | ETH 1989 |
| 245 00 - TITLE STATEMENT | |
| Title | Ethnoterritorial politics, policy, and the western world / |
| Statement of responsibility, etc. | edited by Joseph R. Rudolph, Jr. and Robert J. Thompson. |
| 260 ## - PUBLICATION, DISTRIBUTION, ETC. (IMPRINT) | |
| Place of publication, distribution, etc. | Boulder, Colo. : |
| Name of publisher, distributor, etc. | L. Rienner Publishers, |
| Date of publication, distribution, etc. | 1989. |
| 300 ## - PHYSICAL DESCRIPTION | |
| Pagination | ix, 262 p. ; |
| Size | 24 cm. |
| 504 ## - BIBLIOGRAPHY, ETC. NOTE | |
| Bibliography, etc | Includes bibliographical references. and index |
| 650 #0 - SUBJECT ADDED ENTRY--TOPICAL TERM | |
| Topical term or geographic name as entry element | Ethnic groups |
| General subdivision | Political activity. |
| 9 (RLIN) | 128041 |
| Topical term or geographic name as entry element | Ethnic relations. |
| 9 (RLIN) | 128275 |
| 700 1# - ADDED ENTRY--PERSONAL NAME | |
| Personal name | Rudolph, Joseph R. |
| Fuller form of name | (Joseph Russell), |
| Dates associated with a name | 1942- |
| Personal name | Thompson, Robert J. |
| Fuller form of name | (Robert Joseph), |
| Dates associated with a name | 1949- |
| 942 ## - ADDED ENTRY ELEMENTS (KOHA) | |
| Source of classification or shelving scheme | Dewey Decimal Classification |
| Koha item type | Books |
| Lost status | Source of classification or shelving scheme | Damaged status | Not for loan | Collection code | Permanent Location | Current Location | Shelving location | Date acquired | Total Checkouts | Full call number | Date last seen | Copy number | Koha item type |
|---|---|---|---|---|---|---|---|---|---|---|---|---|---|
| Dewey Decimal Classification | Not For Loan | Non-fiction | Central Library, University of Rajshahi | Central Library, University of Rajshahi | Reading Room | 05/09/1993 | 323.1 ETH 1989 | 05/06/2016 | C-1 | Books |